000
00252nam a22001097a 4500
008
180803b xxu||||| |||| 00| 0 eng d
082
_a
813.52
245
_a
Patient Perspectives
_c
Johnson,J
260
_c
2003
300
_a
1
_f
Cassette
942
_2
ddc
_c
MX
999
_c
46743
_d
46743